000 00703nam a2200289Ia 4500
005 20260324141530.0
008 008 260324s9999 xx 000 0 eng d
020 _a9780203949061
037 _aEBOOK
040 _aCRL
040 _beng
040 _cCRL
041 _2eng
041 _aeng
084 _qCRL
100 _aLouise Lamphere; Helena Ragone; Patricia Zavella
_91208546
245 0 _aSituated Lives
245 0 _bGender and Culture in Everyday Life
260 _bTaylor and Francis
260 _c1997
365 _a
365 _b260
856 _uhttp://www.taylorfrancis.com/books/9780203949061
942 _cEBOOK
999 _c1811738
_d1811738